000
00316cam a22001331i 4500
040
_c
DLC
082
_a
311 HAB 1969 A089 Or.
100
1
_a
Haber, Audrey
245
0
0
_a
General statistics
300
_a
xiii, 351 pages :
_b
illustrations ;
_c
24 cm
650
0
_a
Statistics
700
1
_a
Runyon, Richard P
942
_c
EK
999
_c
16306
_d
16306